| 000 -LEADER |
| fixed length control field |
01365cam a2200361 a 4500 |
| 001 - CONTROL NUMBER |
| control field |
15969438 |
| 003 - CONTROL NUMBER IDENTIFIER |
| control field |
OSt |
| 005 - DATE AND TIME OF LATEST TRANSACTION |
| control field |
20240220130027.0 |
| 008 - FIXED-LENGTH DATA ELEMENTS--GENERAL INFORMATION |
| fixed length control field |
091102s2010 nyua b 000 0 eng |
| 010 ## - LIBRARY OF CONGRESS CONTROL NUMBER |
| LC control number |
2009046213 |
| 020 ## - INTERNATIONAL STANDARD BOOK NUMBER |
| International Standard Book Number |
9781568989358 (pbk. : alk. paper) |
| 040 ## - CATALOGING SOURCE |
| Original cataloging agency |
DLC |
| Transcribing agency |
DLC |
| Modifying agency |
DLC |
| 043 ## - GEOGRAPHIC AREA CODE |
| Geographic area code |
n-us-ny |
| 050 00 - LIBRARY OF CONGRESS CALL NUMBER |
| Classification number |
NA737.W67 |
| Item number |
A84 2010 |
| 082 00 - DEWEY DECIMAL CLASSIFICATION NUMBER |
| Classification number |
728.92 |
| Edition number |
22 |
| Author Mark |
ABO |
| 245 00 - TITLE STATEMENT |
| Title |
Above the pavement-- the farm! : |
| Remainder of title |
architecture & agriculture at PF1 / |
| Statement of responsibility, etc. |
Amale Andraos and Dan Wood, editors. |
| 246 30 - VARYING FORM OF TITLE |
| Title proper/short title |
Architecture & agriculture at PF1 |
| 246 30 - VARYING FORM OF TITLE |
| Title proper/short title |
Architecture and agriculture at PF1 |
| 250 ## - EDITION STATEMENT |
| Edition statement |
1st ed. |
| 260 ## - PUBLICATION, DISTRIBUTION, ETC. |
| Place of publication, distribution, etc. |
New York : |
| Name of publisher, distributor, etc. |
Princeton Architectural Press, |
| Date of publication, distribution, etc. |
c2010. |
| 300 ## - PHYSICAL DESCRIPTION |
| Extent |
206 p. : |
| Other physical details |
ill. (some col.) ; |
| Dimensions |
18 cm. |
| 490 0# - SERIES STATEMENT |
| Series statement |
Inventory books |
| 504 ## - BIBLIOGRAPHY, ETC. NOTE |
| Bibliography, etc. note |
Includes bibliographical references. |
| 610 20 - SUBJECT ADDED ENTRY--CORPORATE NAME |
| Corporate name or jurisdiction name as entry element |
Work Architecture Company. |
| 9 (RLIN) |
120812 |
| 650 #0 - SUBJECT ADDED ENTRY--TOPICAL TERM |
| Topical term or geographic name entry element |
Urban agriculture |
| Geographic subdivision |
New York (State) |
| -- |
New York. |
| 9 (RLIN) |
120813 |
| 700 1# - ADDED ENTRY--PERSONAL NAME |
| Personal name |
Andraos, Amale, |
| Dates associated with a name |
1973- |
| 9 (RLIN) |
120814 |
| 700 1# - ADDED ENTRY--PERSONAL NAME |
| Personal name |
Wood, Dan, |
| Dates associated with a name |
1967- |
| 9 (RLIN) |
120815 |
| 710 2# - ADDED ENTRY--CORPORATE NAME |
| Corporate name or jurisdiction name as entry element |
P.S. 1 Contemporary Art Center. |
| 9 (RLIN) |
120816 |
| 906 ## - LOCAL DATA ELEMENT F, LDF (RLIN) |
| a |
7 |
| b |
cbc |
| c |
orignew |
| d |
1 |
| e |
ecip |
| f |
20 |
| g |
y-gencatlg |
| 942 ## - ADDED ENTRY ELEMENTS (KOHA) |
| Source of classification or shelving scheme |
|
| Koha item type |
Book |
| Institution code [OBSOLETE] |
SADA |
| Call number prefix |
728.92 ABO 2010 |